书目信息 |
| 题名: |
葡萄酒佐餐艺术
|
|
| 作者: | 吴书仙 著 | |
| 分册: | ||
| 出版信息: | 上海 上海人民出版社 2006 |
|
| 页数: | 110页 | |
| 开本: | 21cm | |
| 丛书名: | 吴书仙作品系列 | |
| 单 册: | ||
| 中图分类: | TS262.6 | |
| 科图分类: | ||
| 主题词: | 葡萄酒--基本知识 , 葡萄酒 | |
| 电子资源: | ||
| ISBN: | 7-208-06220-X | |
| 000 | 00809oam2 2200253 450 | |
| 001 | 1568319026 | |
| 005 | 20150130185900.70 | |
| 010 | @a7-208-06220-X@dCNY20.00 | |
| 100 | @a20070327d2006 em y0chiy50 ea | |
| 101 | 0 | @achi |
| 102 | @aCN@b310000 | |
| 105 | @aa z 000yy | |
| 200 | 1 | @a葡萄酒佐餐艺术@9pu tao jiu zuo can yi shu@f吴书仙著 |
| 210 | @a上海@c上海人民出版社@d2006 | |
| 215 | @a110页@c图@d21cm | |
| 225 | 2 | @a吴书仙作品系列 |
| 330 | @a本书基本涵盖了葡萄酒与菜肴结合的基本原理,解释了葡萄酒与菜的搭配原则,重点介绍了意大利、法国以及西班牙的主要食材和就餐酒的程序等。 | |
| 461 | 0 | @12001 @a吴书仙作品系列 |
| 606 | 0 | @a葡萄酒@x基本知识 |
| 606 | 0 | @a葡萄酒 |
| 690 | @aTS262.6@v5 | |
| 701 | 0 | @a吴书仙@9wu shu xian@c(女)@4著 |
| 801 | 0 | @aCN@bTSSF@c20150130 |
| 905 | @aZUCC@dTS262.6@eJY114 | |
| 葡萄酒佐餐艺术/吴书仙著.-上海:上海人民出版社,2006 |
| 110页:图;21cm.-(吴书仙作品系列) |
| ISBN 7-208-06220-X:CNY20.00 |
| 本书基本涵盖了葡萄酒与菜肴结合的基本原理,解释了葡萄酒与菜的搭配原则,重点介绍了意大利、法国以及西班牙的主要食材和就餐酒的程序等。 |
| ● |
| 相关链接 |
|
|
|
|
正题名:葡萄酒佐餐艺术
索取号:TS262.6/JY114
 
预约/预借
| 序号 | 登录号 | 条形码 | 馆藏地/架位号 | 状态 | 备注 |
| 1 | 7862194 | 278621948 | 学院路分馆/ [索取号:TS262.6/JY114] | 在馆 | |
| 2 | 7862195 | 278621957 | 学院路分馆/ [索取号:TS262.6/JY114] | 在馆 |